000 00506nam a2200181 i 4500
001 142435
003 ES-MaACL
005 20230906200524.0
007 t|
008 071005s1972 sp ||||1| spa d
080 _a913(460)
245 0 0 _aGeografía de España /
_c[director], J. Vilá Valentí.
260 _aBarcelona :
_bDanae,
_c[1972]
300 _a2 v. :
_bil. col. ;
_c31 cm.
651 4 _aEspaña-
_xGeografía.
_98200
700 1 _aVilá Valentí, Juan.
_9114743
852 4 _aES-MaACL
_jP-1446
999 _c142435
_d142435